Statystyki dla Wiedza ogólna o piłkarzach

Kliknij tutaj aby rozwiązać quiz!

Ogólne statystyki

  • Ten quiz został rozwiązany 72 razy
    (61 od ostatniego zresetowania)
  • Średni wynik to 27 z 50

Statystyki odpowiedzi

WskazówkaOdpowiedź% Poprawnych
37Najlepszy Europejski piłkarz przegrał w Finale Euro z GrecjąCristiano Ronaldo
90%
29Posiada najwięcej Złotych Piłek w historiiLionel Messi
90%
2Włoski bramkarz grał w PSG , Juventusie czy Parmie CalcioGianluigi Buffon
85%
20Norweski piłkarz wygrał Ligę Mistrzów w 2023r.Erling Haaland
79%
41Argentyńska legenda znana z używania narkotykówDiego Maradona
74%
4Jedyny bramkarz w historii który wygrał Złotą PiłkęLev Yashin
74%
18Ukraińska legenda ze Złotą Pilką grał dla Chelsea i AC MilanuAndriy Shevchenko
72%
16Węgierski piłkarz Realu Madryt od jego nazwiska pochodzi nagroda za najładniejszą bramkę sezonuFerenc Puskás
72%
48Francuski piłkarz strzelił hat-tricka w finale Mistrzostw Świata w 2022r.Kylian Mbappé
72%
40Wygrał najwięcej razy Mistrzostwa Świata w historiiPele
72%
6Najlepszy strzelec w historii reprezentacji Anglii i Manchesteru UnitedWayne Rooney
72%
47Zawodnik Juventusu czy Realu Madryt znany z faulu nietypową częścią ciała w Finale Mistrzostw ŚwiataZinédine Zidane
72%
5Bramkarz hiszpańskiego klubu w którym grał przez ponad 15 lat ze swoją reprezentacją wygrał 3 Mistrzostwa z rzęduIker Casillas
69%
19Bramkarz Liverpoolu który bronił karne w Finale Ligi Mistrzów z AC MilanemJerzy Dudek
69%
12Znienawidzony gracz Barcelony przez własnych kibicówLuís Figo
69%
49Piłkarz FC Barcelony przeniósł się do PSG jako najdroższy w tamtym czasie piłkarz w historiiNeymar Jr
69%
35Najlepszy strzelec w historii Reprezentacji PolskiRobert Lewandowski
69%
28Gracz Barcelony który został trenerem takich klubów jak Manchester City, FC Barcelona i Bayern MonachiumPep Guardiola
67%
39Zdobywca Złotej Piłki lubił się bawić nie tylko na boiskuRonaldinho
64%
45Niemiecki napastnik Bayernu Monachium Mistrz Świata o pseudonimie der BomberGerd Müller
62%
46Niemiecki piłkarz Polskiego pochodzenia najskuteczniejszy strzelec Mistrzostw ŚwiataMiroslav Klose
62%
50Kapitan jedynego klubu w jakim grał przez ponad 20 latPaulo Maldini
62%
30Polski piłkarz który na Mundialu w 1974 zdobył tytuł króla strzelcówGrzegorz Lato
59%
25Legenda m.in. Realu Madryt znany ze swoich strzałów z rzutów wolnychRoberto Carlos
59%
15Holender ze Złotą Piłką grał na wielu pozycjachRuud Gullit
59%
36Holender z 3 Złotymi Piłkami później trener BarcelonyJohan Cruijff
56%
27Brazyliski pomocnik Ostatni zwycięsca Złotej Piłki przed Ronaldo i MessimKaká
56%
7Francuz z 5 ligami mistrzów i 1 Złotą PiłkąKarim Benzema
56%
24Holenderski piłkarz znany ze swoich okularów w których grałEdgar Davids
54%
1Najlepszy obcokrajowiec w historii Premier LeagueThierry Henry
54%
9Obrońca z największą ilością bramek później trener Barcelony, Ajaxu lub reprezentacji HolandiiRonald Koeman
49%
34Grał w 6 klubach z Ligą Mistrzów choć sam nie wygrał żadnejZlatan Ibrahimović
49%
11Grał dla Manchesteru United i Realu Madryt jego żona była piosenkarkąDavid Beckham
46%
21Obrońca z 2 Złotymi Piłkami z pseudonimem KaiserFranz Beckenbauer
46%
38Grał dla Realu Madryt, FC Barcelony, AC Milanu i Interu Mediolan wygrał Mundial i Złotą Piłkę 2 razyRonaldo Nazario
46%
31Legendarny napastnik Chelsea zatrzymał wojnę domową w swoim krajuDidier Drogba
44%
8Jedyny obrońca w 21 wieku który wygrał Złotą PiłkęFabio Cannavaro
44%
26Piłkarz który został sfaulowany głową w Finale Mistrzostw ŚwiataMarco Materazzi
44%
43Laureat 3 Złotych Piłek później został prezydentem FIFAMicheal Platini
38%
22Piłkarz AC Milanu zdobywca Złotej Piłki znany z nietrafionego karnego w Finale Mistrzostw ŚwiataRoberto Baggio
36%
10Jeden z najlepszych piłkarzy w historii miał wadę kręgosłupa oraz jedną krótszą nogę od drugiejGarrincha
31%
13Najmłodszy król strzelców Premier League w historiiMichael Owen
31%
14Meksykański pięciokrotny król strzelców La LigaHugo Sánchez
28%
3Francuski napastnik aktor i reżyser filmowy wygrał Mistrzostwa Świata w Piłce Plażowej w 2005r.Èric Cantona
26%
32Pierwszy zdobywca Złotej Piłki z poza EuropyGeorge Weah
26%
33Zdobywca 3 Złotych Piłek przez kontuzję zakończył karieręMarco Van Basten
26%
17Najlepszy piłkarz w historii Premier LeagueAlan Shearer
21%
42Zwycięsca Złotej Piłki w 1999r.Rivaldo
21%
44Ma strzelone 1000 goli jest uważany za jednego znajlepszych napastników w historiiRomário
18%
23Zdobywca Złotej Piłki ma najwięcej wystąpień na Mistrzostwach Świata w historiiLothar Matthäus
15%

Rozkład punktacji

Percentyl według liczby udzielonych odpowiedzi

Procent ludzi z każdym wynikiem

Twoja historia wyników

Nie rozwiązałeś tego quizu od ostatniego zresetowania